Normal view
MARC view
- اعداد درادكه، اسراء محمد؛ اشراف فيصل عيسى نواصره
Entry Personal Name
001 - CONTROL NUMBER
- control field: 62575
003 - CONTROL NUMBER IDENTIFIER
- control field: JO-AjAnu
005 - DATE AND TIME OF LATEST TRANSACTION
- control field: 20230606084223.0
008 - FIXED-LENGTH DATA ELEMENTS
- fixed length control field: 230606|| aca||aabn | a|a d
040 ## - CATALOGING SOURCE
- Original cataloging agency: JO-AjAnu
- Transcribing agency: JO-AjAnu
100 ## - HEADING--PERSONAL NAME
- Personal name: اعداد درادكه، اسراء محمد؛ اشراف فيصل عيسى نواصره
670 ## - SOURCE DATA FOUND
- Source citation: Work cat.: (JO-AjAnu)31910: اعداد درادكه، اسراء محمد؛ اشراف فيصل عيسى نواصره, author, اتجاهات المعلمين نحو التعليم التشاركي للطلبة ذوي صعوبات التعلم من وجهة نظر مديري المدارس = The Attitudes of Teachers Towards Participatory Education for Students With Learning Disabilities From the School Principals Perspectives